Extinct Animal Alphabet Quiz - Statistics

General Stats
  • This quiz has been taken 61 times
  • The average score is 9 of 26
Answer Stats
Letter Clue Answer % Correct
D Mauritius. Dodo Bird
91%
M A large bird related to ostriches and emus that inhabited New Zealand. Moa
80%
S A big cat with long canine teeth. Saber-Tooth Tiger
74%
W An elephant-like animal covered in long hair. Wooly Mammoth
65%
Q An equine that was partially stripey. Quagga
63%
T A stripey, canine-like marsupial. Tasmanian Tiger
63%
P A bird that was once so populous, it would literally darken the sky with its sheer number during migrations. Passenger Pigeon
61%
E A large bird related to ostriches and emus that inhabited Madagascar. Elephant Bird
56%
I An antlered animal from the ice age named after an Northwest European island (though its range spanned across Northern Eurasia). (Mammalian) Irish Elk
54%
G A massive South American mammal that lived during the ice age. Giant Ground Sloth
52%
C A large predator from the ice age that would dwell in geological cavities. (Mammalian) Cave Bear
44%
B A sub-species of big cat from North Africa. Barbary Lion
41%
J A species of big cat from an island in Indonesia. Javan Tiger
28%
A A fast-running predator from the western hemisphere. (Mammalian) American Cheetah
26%
F The only mammal indigenous to a certain group of islands in southern South America. Falkland Islands Wolf
20%
Z An East African big cat that was hunted to extinction in the mid-1900's. Zanzibar Leopard
17%
H A sub-species of prairie chicken. Heath Hen
13%
K The informal name for one of the largest species of lemur. Another name for this animal starts with 'm'. Koala Lemur
13%
V A species of crocodile from Madagascar. Voay
11%
L A North American bovine with wide keratin hardened protrusions. Long-Horned Bison
7%
O A Hawai'ian bird with a curved beak named after the island it inhabited. Oahu Nukupu'u
7%
Y A black and red amphibian from a specific body of water in China. Yunnan Lake Newt
7%
N A parrot from and named after a Polynesian island (not an island country, fyi) with a prominently hooked beak. Norfolk Kaka
6%
R A large species of shelled reptile formerly endemic to a small island in the Indian Ocean. Rodrigues Greater Tortoise
6%
U A type of fish that was endemic to a body of water in Utah Valley in Utah County in the state of Utah. Utah Lake Sculpin
6%
X A large-winged species of insect reused from the Insect Alphabet quiz. Xerces Blue Butterfly
4%
No matching quizzes found
Score Distribution
Percent of People with Each Score
Percentile by Number Answered
Your Score History
You have not taken this quiz